Apex Legends Characters Season 13 - Statistics

General Stats
  • This quiz has been taken 285 times
  • The average score is 19 of 21
Answer Stats
Hint Answer % Correct
Default Bloodhound
96%
Default Wraith
96%
Default Pathfinder
95%
Default Bangalore
94%
Season 1 Octane
94%
Default Caustic
93%
Default Gibraltar
92%
Default Lifeline
92%
Default Mirage
89%
Season 3 Crypto
88%
Season 5 Loba
88%
Season 12 Mad Maggie
88%
Season 2 Wattson
88%
Season 13 Newcastle
87%
Season 4 Revenant
87%
Season 10 Seer
87%
Season 8 Fuse
86%
Season 11 Ash
85%
Season 7 Horizon
83%
Season 6 Rampart
82%
Season 9 Valkyrie
78%
No matching quizzes found
Score Distribution
Percent of People with Each Score
Percentile by Number Answered
Your Score History
You have not taken this quiz